| 000 -ლიდერი |
| ფიქსირებული სიგრძის საკონტროლო ველი |
01288nam a22002297a 4500 |
| 003 - საკონტროლო ნომრის იდენტიფიკატორი |
| საკონტროლო ველი |
Ge_BSU |
| 005 - ბოლო ოპერაციის თარიღი და დრო |
| საკონტროლო ველი |
20230130114813.0 |
| 008 - ფიქსირებული სიგრძის მონაცემთა ელემენტები - ზოგადი ინფორმაცია |
| ფიქსირებული სიგრძის საკონტროლო ველი |
230130s2004 ge ||||| |||| 00| 0 geo d |
| 020 ## - წიგნის საერთაშორისო სტანდარტული ნომერი |
| International Standard Book Number |
9994071467 |
| 041 ## - ენის კოდი |
| Language code of text/sound track or separate title |
geo |
| 080 ## - უნივერსალური ათობითი კლასიფიკაციის ინდექსი |
| Universal Decimal Classification number |
070(075.8) მ-48 |
| 245 ## - ცნობა სათაურის შესახებ |
| Title |
მედიის თვითრეგულირების ქრესტომათია : |
| Remainder of title |
[სახელმძღვ. უმაღლ. სასწ. ჟურნალისტიკის ფაკ. სტუდ. / |
| Statement of responsibility, etc |
შემდგ. და რედ.: თამარ კინწურაშვილი ; თარგმანი: მანანა გიგაური და სხვ.] ; თავისუფლების ინ-ტი. |
| 264 ## - წარმოების, გამოცემის, დისტრიბუციის და სხვა ცნობები |
| გამოცემის, წარმოების, დისტრიბუციის... ადგილი |
თბილისი, |
| გამოცემის, წარმოების, დისტრიბუციის... თარიღი |
2004. |
| 300 ## - ფიზიკური აღწერა |
| Extent |
244 გვ. ; |
| Other physical details |
20 სმ. |
| 653 ## - INDEX TERM--UNCONTROLLED |
| Uncontrolled term |
ჟურნალისტიკის სახელმძღვანელოები |
| 653 ## - INDEX TERM--UNCONTROLLED |
| Uncontrolled term |
მედია |
| 654 ## - SUBJECT ADDED ENTRY--FACETED TOPICAL TERM |
| Focus term |
|
| 700 ## - ADDED ENTRY--PERSONAL NAME |
| Personal name |
კინწურაშვილი, თამარ |
| Relator term |
შემდგენელი |
| 9 (RLIN) |
238 |
| 700 ## - ADDED ENTRY--PERSONAL NAME |
| Personal name |
გიგაური, მანანა |
| Relator term |
მთარგმნელი |
| 9 (RLIN) |
3295 |
| 710 ## - ADDED ENTRY--CORPORATE NAME |
| Corporate name or jurisdiction name as entry element |
თავისუფლების ინ-ტი (თბილისი) |
| 9 (RLIN) |
16819 |
| 942 ## - ADDED ENTRY ELEMENTS (KOHA) |
| Source of classification or shelving scheme |
|
| Koha item type |
წიგნი |